Tennis Masters 1000 Tournaments - Statistics

General Stats
  • This quiz has been taken 143 times
  • The average score is 8 of 9
Answer Stats
Answer % Correct
Madrid
94%
Indian Wells
93%
Paris
92%
Rome
91%
Miami
90%
Cincinnati
86%
Shanghai
84%
Toronto/Montreal
82%
Monte-Carlo
81%
No matching quizzes found
Score Distribution
Percent of People with Each Score
Percentile by Number Answered
Your Score History
You have not taken this quiz